| 000 | 00439cam a2200193ua 4500 | ||
|---|---|---|---|
| 001 | 5710 | ||
| 005 | 20260515113927.0 | ||
| 008 | 131008n ii |||gr||||Z||||||asm | ||
| 040 | _cMAIN | ||
| 082 | _a954.162 | ||
| 100 | 1 |
_aSarma,Sushil, _eAuthor. |
|
| 245 |
_aAsamiya _cby Sushil Sarma |
||
| 250 | _a2nd ed. | ||
| 260 |
_aGuwahati: _bManisha Prakash, _c1994. |
||
| 300 | _a191p. | ||
| 653 | _aHistory | ||
| 653 | _aAsamiya | ||
| 942 | _cBK | ||
| 999 |
_c4865 _d4865 |
||